000 01326nam a2200265Ia 4500
003 Ost
005 20260507075328.0
008 260507s9999||||xx |||||||||||||| ||und||
020 _a82193399579
040 _cfsecg
041 _aara
082 _a330
100 _aمحسن، صباح رحيمة
_eمؤلف
245 0 _aنظم المعلومات المالية :
_bأسسها النظرية و بناء قواعد بياناتها /
_c صباح رحيمة محسن
260 _aعمان:
_bالوراق للنشر والتوزيع,
_c2011
300 _a338 صفحة؛
_bإيضاحات ؛
_c25 سم
504 _aقائمة الجداول ص.09؛ قائمة الاشكال ص.11
520 _aنظم المعلومات بصفة عامة ، نظم دعم القرارات و نظم معلومات الانتاج ، نظم المعلومات المالية ، بناء قواعد بيانات غسيل الأموال و بناء قواعد بيانات مالية
653 _aالمالية العامة
653 _aنظم المعلومات- المؤسسة الممتدة
653 _aنظم المعلومات- المالية
700 _aالشيباني، فتحي أحمد
_eمؤلف ثانوي
700 _aزريبة، عبد الفتاح ابراهيم
_eمؤلف ثانوي
942 _cكتاب
999 _c43981
_d43981